| 000 | 00706nam a2200217 a 4500 | ||
|---|---|---|---|
| 001 | 000012593 | ||
| 005 | 20240530073914.0 | ||
| 008 | 091113s2001 dr 000 f spa d | ||
| 020 | _a9993484407 | ||
| 040 |
_aDO-SdBNP _bspa _cBNPHU |
||
| 082 |
_aRD863.44 _bO64e |
||
| 100 | 1 |
_aOrbe, Justo del _929292 |
|
| 245 | 1 | 3 |
_aLa española reducida / _cJusto del Orbe ; prólogo José A. Silié Gatón. |
| 260 |
_aSanto Domingo : _bDiálogo, _c2001. |
||
| 300 |
_a194 p. ; _c22 cm. |
||
| 500 | _aIncluye datos biográficos del autor en las solapas. | ||
| 650 | 0 |
_aNovela dominicana _9223 |
|
| 650 | 0 |
_aLiteratura dominicana. _967 |
|
| 700 | 1 |
_a Silié Gatón, José A., _d1920-2014 _epról. _9747 |
|
| 049 | _aBNPD | ||
| 999 |
_c12248 _d12248 |
||